000 00826nam a2200253 a 4500
001 000024268
005 20200930022849.0
008 110125s1989 sp r 000 0 spa d
020 _a8420616834
040 _aDO-SdBNP
_bspa
_cBNPHU
041 1 7 _aspa
_heng
_2Código de idioma MARC
082 _aNNN
_bH587j, 1989
100 1 _aHesse, Hermann,
_d1877-1962.
_93301
240 1 0 _aDas Glasperlenspiel
_lEspañol.
245 1 0 _aEl juego de abalorios ; traducción del alemán por Mariano S. /
_cHermann Hesse.
250 _a7a ed.
260 _aMadrid :
_bAlianza Editorial,
_c1989.
300 _a530, [6] p. ;
_c19 cm.
490 1 _aEl libro de bolsillo
_v683
534 _aTítulo original:
_tDas glasperlenspiel
700 1 _aLuque, Mariano S.
_etr.
_949814
830 0 _aEl libro de bolsillo ;
_v683
_94072
049 _aBNGR
999 _c23762
_d23762